Quizzes
Events
Quiz Creation
Community
Videos
Private Events
Remove Ads
Sign In
Join for FREE
Feedback
Dark Mode
Quiz Categories
Sports
Geography
Music
Movies
Television
Just For Fun
Miscellaneous
History
Literature
Language
Science
Gaming
Entertainment
Religion
Holiday
For Kids
Quiz Lab
Recent
Popular Today
Quiz Kudos Today
Editor Picks
Curator Picks
Quizzes by...
Day
Popularity
Type
Ratings
Length
Year
Community
Subscriptions
Recent Discussions
Orange Saloon
Badges
Playlists
Quests
Create
Leaderboards
Showdown
Live 5
Trivia Bingo
Activity
Puzzle Library
Sporcle Events
Private Events
Virtual Trivia
Globe League
Become a Host
Pub Owners
SporcleCon
Opinionation
Our Games
Videos
Blog
Mobile Apps
Partnerships
Remove Ads and Go Orange
Feedback
Miscellaneous
Crossword
General Knowledge
Baby Names
Logo
Food
Cars
Numbers
Grab Bag
University
College
Popular
Company
Slogans
Restaurants
Justice
Letter
Miscellaneous
Crossword
General Knowledge
Baby Names
Logo
Food
Cars
Numbers
Grab Bag
University
College
Popular
Company
Slogans
Restaurants
Justice
Letter
Random Quiz
Search Sporcle
×
Quiz Lab
Quiz Lab
Miscellaneous
Comic Books
Type in answers that appear in a list
Type in answers that appear in a list
Classic
Best Score? Go Orange.
Marvel Characters (by real name) Stats
Can you name the Marvel Characters (by real name)?
By
jmpasquale
5m
30 Questions
382 Plays
382 Plays
382 Plays
Comments
Comments
Give Quiz Kudos
Give Quiz Kudos
-
- Ratings
hide this ad
Replay
Link that replays current quiz
Next Quiz
Link to next quiz in quiz playlist
You Got
0%
They Got
Avg Score
60%
Avg Friend Score
Upgrade to see
Score Distribution
Jump to the score distribution portion of the page
Score
0/30
Timer
05:00
0
Plays Today
Alter Ego
Real Name
% Correct
Captain America
Steve Rogers
92.1%
Iron Man
Tony Stark
84%
Hulk
Bruce Banner
82.7%
Spider-
Man
Peter Parker
81.9%
Cyclops
Scott Summers
76.4%
Wolverine
James 'Logan' Howlett
75.4%
Deadpool
Wade Wilson
73.8%
Human Torch
Johnny Storm
73.3%
Professor X
Charles Xavier
72.8%
Invisible Woman
Susan Richards
72.3%
Daredevil
Matt Murdock
72%
Phoenix
Jean Grey
70.9%
Green Goblin
Norman Osborn
69.9%
Doctor Doom
Victor von Doom
69.6%
Mr. Fantastic
Reed Richards
69.6%
Alter Ego
Real Name
% Correct
Doctor Octopus
Dr. Otto Octavius
63.9%
Thing
Ben Grimm
61.8%
Gambit
Remy LeBeau
57.3%
Nightcrawler
Kurt Wagner
57.1%
Venom
Eddie Brock
56.8%
Ghost Rider
Johnny Blaze
56.3%
Juggernaut
Cain Marko
53.4%
She-
Hulk
Jennifer Walters
48.4%
Sabretooth
Victor Creed
44%
Red Skull
Johann Schmidt, George Maxon, and Albert Malik
42.4%
Magneto
Max Eisenhardt
39.8%
Carnage
Cletus Kasady
31.4%
Electro
Maxwell Dillon
30.9%
The Super-
Skrull
Kl'rt
18.3%
M.O.D.O.K.
George Tarleton
16.5%
Quiz Playlist
Details
Report
Send in Message
Add To Playlist
Classic:
Type in answers that appear in a list
Last Updated: Feb 16, 2017
Quiz Scoreboard
CHALLENGE
Sign Up to Join the Scoreboard
Show All
Scores
Hide
Comments
May contain spoilers
Recently Published
Click the 1999 NBA Draft
by nibperrychub
Sports
2m
Alphabetical 'K' Countries by Flag Minefield
by ylime102
Geography
3m
Pick 6: Fruits
by JohnFran
Miscellaneous
15s
More to Explore
Quiz From the Vault
Featured Blog Post
15 Basketball Trivia Facts You Can Be March Mad About
hide this ad
You Might Also Like...
Tags
Comic Books Quiz
Marvel Quiz
Superhero Quiz
Alter Egos
Comic Character
Comic Strips
Marvel Characters
name
Real Names
Today's Top Quizzes in Miscellaneous
Browse Miscellaneous
hide this ad
Today's Top Quizzes in Comic Books
Browse Comic Books
Top Contributed Quizzes in Miscellaneous
1
Spring Months consonants
2
Pick 6: Vegetables
3
Pick 6: Supreme Pizza
4
Pick 6: University Mascots
5
Four Seasons
6
Guess the 'S' Things in 3 Words
7
The JOE quick-fire general knowledge quiz: Day 166
8
The JOE quick-fire general knowledge quiz: Day 165
9
Guess the 'T' Things in 3 Words
10
Sporcle Acrostic Puzzle XXXV
Explore More
Trending Topics
Marvel
Anime
Crossword
Kpop
Harry Potter
NBA
Disney
Puzzle
WWE
The Office
Country
Soccer
Song
NFL
Pokémon
hide this ad
More By:
jmpasquale
Quiz
Plays
Rating
Category
Featured
Created
Fascist Countries
2,172
2.12
History
Aug 14, 2010
100 Greatest Video Game Villains
1,560
3.07
Gaming
Sep 1, 2010
Left 4 Dead Occupations
537
4.40
Gaming
Jun 19, 2010
Civilization 4 Technologies
437
5.00
Gaming
Dec 19, 2009
Civilization 4 civs
410
3.75
Gaming
Sep 23, 2009
Go to Creator's Profile
Score Distribution
Quiz Creator Spotlight
jmpasquale
Follow
Send a Message
Quizzes Created
-
Created Quiz Play Count
-
More By This Creator
Popular Quizzes Today
1
Find the US States - No Outlines Minefield
2
Countries of Asia Without Outlines Minefield
3
Pick 6: Fruits
4
The Countries of the World
5
Alphabetical 'K' Countries by Flag Minefield
6
Find the US States
7
Match the Book to the Film X
8
Click the 1999 NBA Draft
More Miscellaneous Quizzes
Desktop Icons (images)
Editor's Pick
Trending Quizzes
Pick 6: Harry Potter
Pick 6: Mountains
Pick 6: NFL Teams
Pick 6: Movie Franchises
Pick 6: Golfers
Recently Updated
Women's Final Four Teams by Year
bhenderson79
Presidents Quartet II
eogle
Anything But Clue(do)
eogle
Anything But Oceanian Capitals
eogle
Anything But 7
eogle
Anything But Thing
eogle
Word Ladder: February 29
pecheneg
Song Title Questions
pecheneg
Women's NCAA Tournament #1 Seeds
pecheneg
Celebrity Mug Shots
pecheneg
Trending Topics
Kpop
Anime
Harry Potter
NBA
Disney
Crossword
Marvel
NFL
Puzzle
The Office
Song
Country
WWE
Pokémon
Soccer
Your Account Isn't Verified!
In order to create a playlist on Sporcle, you need to verify the email address you used during registration. Go to your
Sporcle Settings
to finish the process.
Report this User
Report this user for behavior that violates our
Community Guidelines
.
Details:
Send Report
Go to the Sporcle.com Mobile Site →
Comments